000 01044nam0a22002531 4500
001 rc\2768223
005 20250806203432.0
035 _a(NLR Aleph) 006894638
090 _a14903
_c14903
100 _a20110915d1941 u y0rusy50 ca
101 0 _arus
102 _aRU
105 _ay z |||||
200 1 _aАгроуказания по сортовому семеноводству овощно-бахчевых культур и кормовых корнеплодов
_fОрджоникидз. краев. отд-ние "Сортсемовощь"
210 _aГеоргиевск
_cОрджоникидз. отд-ние "Сортсемовощь"
_d1941
215 _a28 с.
_d21 см.
712 0 2 _aСортсемовощь, контора (Москва)
_bОрджоникидзевское краев. отд-ние
801 0 _aRU
_bNLR
_gpsbo
801 1 _aRU
_bELAR
_2rusmarc
852 _aNLR
_jС40 Г-4/49
942 _cBOOK
945 _aРоссийская национальная библиотека
980 _aNB
980 _aBV